| 000 | 00465nam a2200181Ia 4500 | ||
|---|---|---|---|
| 003 | OSt | ||
| 005 | 20240125093333.0 | ||
| 008 | 221216s9999||||xx |||||||||||||| ||und|| | ||
| 020 | _a996628155x | ||
| 040 | _cChuka University Library | ||
| 050 |
_aK 150 _b.S25 2000 |
||
| 100 |
_aSaleemi, N. A. _9116 |
||
| 245 | 0 | _aELEMENTS OF LAW SIMPLIFIED | |
| 260 |
_aNairobi _b Saleemi Publications Ltd _c2000 |
||
| 300 | _a312p | ||
| 650 |
_aLaw _98313 |
||
| 942 |
_cBK _02 _2lcc |
||
| 999 |
_c2562 _d2562 |
||